000 00286nam a22001337a 4500
008 180312b xxu||||| |||| 00| 0 eng d
020 _a9780078936463
041 _aeng
080 _a616.073
100 _a6
101 _aGEN
245 _aHUMAN GENETICS
_cLEWIS.R
942 _2udc
_cBK
999 _c44787
_d44787